000 01966nam a22001457a 4500
999 _c532966
_d532966
008 260407b ||||| |||| 00| 0 eng d
100 _aIftikhar, Rehab
_959990
245 _aThe knowledge acquisition process in interorganizational projects: A multiple-case study of infrastructural projects in Pakistan
260 _aProject Management Journal
300 _a56(6), Dec, 2025: p.686-703
520 _aKnowledge acquisition is pivotal for delivering successful interorganizational projects where multiple organizations are involved. The phenomenon, however, has been the subject of very few comprehensive empirical studies. Hence, this article sets out to understand how knowledge is acquired, particularly in the context of interorganizational projects. It explores the knowledge acquisition process at different levels, including the individual, team, organizational, and interorganizational levels. For this purpose, metro train and metro bus projects in Pakistan were examined. A multicase study approach is employed in this article; semistructured interviews and archival documents are included in the empirical data. Within and across case analysis is used for analyzing the data. The findings present the knowledge acquisition process, including types of knowledge (i.e., explicit and tacit knowledge) and multiple levels such as individuals, teams, organizations, and the interorganizational level. By examining knowledge acquisition in interorganizational projects, this article contributes to the literature on knowledge-based theory.-Reproduced https://journals.sagepub.com/doi/full/10.1177/87569728241252113?_gl=1*1d47y66*_up*MQ..*_ga*MTkxMjQyMjc4OC4xNzc1NTUyNDU4*_ga_60R758KFDG* czE3NzU1NTI0NTckbzEkZz EkdDE3NzU1NTI0NzIkajQ1JGwwJGg4NjgxOTYyNDQ.
650 _aKnowledge acquisition, Types of knowledge, Internal knowledge, External knowledge, Interorganizational projects.
_959991
773 _aProject Management Journal
942 _cAR